000 01296nam a2200337 i 4500
001 000015958
003 DO-SdBNP
005 20250929113852.0
007 ta
008 100222s1981 dr 001 0 spa d
040 _aDO-SdBNP
_bspa
_cBNPHU
_erda
041 _aspa
049 _aBNPD
082 4 _a342.068
_bH557h
_222
100 1 _aHernández, José María,
_eautor
_4aut.
_935855
245 1 0 _aHacia la carrera administrativa para el logro de eficiencia /
_cJosé María Hernández, Raymundo Amaro Guzmán, Víctor Melitón Rodríguez.
264 4 _aSanto Domingo :
_bPublicaciones ONAP,
_c©1981.
300 _a93 páginas :
_b21 cm.
336 _atexto
_btxt
_2rdacontent
337 _asin mediación
_bn
_2rdamedia
338 _avolumen
_bnc
_2rdacarrier
490 1 _aColección Seminarios
_v3
500 _aIncluye referencias bibliográficas y notas al pie de las página
590 _aInventariado, 2025/BT
650 4 _aCarrera administrativa
_zRepública Dominicana
_935844
650 4 _aFunción pública
_xRepública dominicana
_919974
700 1 _aAmaro Guzmán, Raymundo,
_eautor
_4aut.
_9656
700 1 _aMelitón Rodríguez, Víctor,
_eautor
_4aut.
_921051
710 1 _aRepública Dominicana.
_bOficina Nacional de Administración y Personal
_926398
942 _2ddc
_cLBS1
999 _c15500
_d15500